Amelia bedelia under construction / (Record no. 5097)

MARC details
000 -LEADER
fixed length control field 00969nam a22003017a 4500
001 - CONTROL NUMBER
control field 5097
003 - CONTROL NUMBER IDENTIFIER
control field FISKH
005 - DATE AND TIME OF LATEST TRANSACTION
control field 20250331082606.0
008 - FIXED-LENGTH DATA ELEMENTS--GENERAL INFORMATION
fixed length control field 241106b cb ||||| |||| 00| 0 eng d
020 ## - INTERNATIONAL STANDARD BOOK NUMBER
International Standard Book Number 9780545016223
040 ## - CATALOGING SOURCE
Original cataloging agency FISKH
Language of cataloging eng
Transcribing agency FISKH
Modifying agency FISKH
050 ## - LIBRARY OF CONGRESS CALL NUMBER
Classification number PZ7.P2185
082 ## - DEWEY DECIMAL CLASSIFICATION NUMBER
Classification number 813.6
100 ## - MAIN ENTRY--PERSONAL NAME
Personal name Parish, Herman
Dates associated with a name (1953–2024)
245 ## - TITLE STATEMENT
Title Amelia bedelia under construction /
Statement of responsibility, etc. Story by Herman Parish pictures by Lynn Sweat
250 ## - EDITION STATEMENT
Edition statement First printing in 2007
260 ## - PUBLICATION, DISTRIBUTION, ETC.
Place of publication, distribution, etc. New York :
Name of publisher, distributor, etc. Scholastic,
Date of publication, distribution, etc. 2007.
300 ## - PHYSICAL DESCRIPTION
Extent 64 pages :
Other physical details Color illustrations ;
Dimensions 23 cm
505 ## - FORMATTED CONTENTS NOTE
Formatted contents note J<br/>
520 ## - SUMMARY, ETC.
Summary, etc. When Amelia Bedelia babysits for the Hardy family, she becomes involved in some unexpected remodeling of their house.
521 8# - TARGET AUDIENCE NOTE
Target audience note 490L<br/>
Source Lexile<br/>
521 8# - TARGET AUDIENCE NOTE
Target audience note J<br/>
Source Raz-Plus<br/>
650 ## - SUBJECT ADDED ENTRY--TOPICAL TERM
Source of heading or term Amelia Bedelia
Topical term or geographic name entry element Early reader
650 ## - SUBJECT ADDED ENTRY--TOPICAL TERM
Source of heading or term Construction
Topical term or geographic name entry element Fiction
700 ## - ADDED ENTRY--PERSONAL NAME
Personal name Sweat, Lynn
Dates associated with a name Illustrator
942 ## - ADDED ENTRY ELEMENTS (KOHA)
Source of classification or shelving scheme Dewey Decimal Classification
Koha item type Books
Suppress in OPAC No
Holdings
Withdrawn status Lost status Source of classification or shelving scheme Damaged status Not for loan Collection Home library Current library Shelving location Date acquired Total Checkouts Full call number Barcode Date last seen Date last checked out Copy number Price effective from Koha item type
    Dewey Decimal Classification     Fiction Footprints International School Library Network Toul Kork Campus Footprints International School Library Network Toul Kork Campus TK Primary Library Room(4th Floor), Bookcase 1&2, Shelves 1-16, Dark Blue Books 11/06/2024 1 PAR 813.6 PZ7.P2185 2024-2288 04/09/2026 04/02/2026 1 11/06/2024 Books
    Dewey Decimal Classification     Juvenile Fiction Footprints International School Library Network Toul Tom Poung Campus Footprints International School Library Network Toul Tom Poung Campus TTP Primary Dark Blue Bookshelves 03/31/2025   PAR 813.6 PZ7.P2185 2025-0891 03/31/2025   2 03/31/2025 Books
    Dewey Decimal Classification     Juvenile Fiction Footprints International School Library Network Toul Tom Poung Campus Footprints International School Library Network Toul Tom Poung Campus TTP Primary Dark Blue Bookshelves 03/31/2025   PAR 813.6 PZ7.P2185 2025-0895 03/31/2025   3 03/31/2025 Books
    Dewey Decimal Classification     Juvenile Fiction Footprints International School Library Network Toul Tom Poung Campus Footprints International School Library Network Toul Tom Poung Campus TTP Primary Dark Blue Bookshelves 07/16/2025   PAR 813.6 PZ7.P2185 FISTK01264 07/16/2025   4 07/16/2025 Books